Kolonie Afryki z mapą - Statystyki

Ogólne statystyki
  • Ten quiz został rozwiązany 5 303 razy
  • Średni wynik to 23 z 51
Odpowiedzi na mapie
Odpowiedzi zakodowano w zielono-czerwonej skali na mapie do tego quizu, zgodnie z poniższymi procentami.
 
Statystyki odpowiedzi
Kolonia % Poprawnych
Egipt
90%
Algieria
89%
Francuskie {Maroko}
87%
Hiszpańskie {Maroko}
87%
{Kongo} Belgijskie
86%
Libia
86%
Sudan
85%
{Somali} Włoskie
83%
Tunezja
83%
Madagaskar
80%
Nigeria
74%
Angola
73%
Brytyjska {Afryka} {Wschodnia}
73%
Erytrea
72%
{Gwinea} Portugalska
66%
Mozambik
66%
Kamerun
65%
Uganda
63%
Togoland
62%
Wybrzeże Kości Słoniowej
60%
Ruanda-Urundi
59%
Seszele
53%
Republika Zielonego Przylądka
52%
Gambia
51%
Komory
51%
Sierra Leone
51%
Mauritius
47%
Suazi
46%
Wyspy Świętego Tomasza i Książęca
44%
Francuska {Afryka} {Zachodnia}
32%
Wyspy Kanaryjskie
31%
Związek Południowej Afryki
26%
Niemiecka {Afryka} {Wschodnia}
25%
Francuska {Somalia}
24%
{Somalia} Brytyjska
24%
Madera
23%
Reunion
22%
Rodezja Północna
14%
Zanzibar
14%
Złote wybrzeże
13%
Rodezja Południowa
12%
Niemiecka {Afryka} {Południowo-Zachodnia}
11%
Beczuana
10%
Francuska {Afryka} {Równikowa}
10%
Rio de Oro
9%
Niasa
7%
Basuto
5%
Kabinda
5%
Bioko
4%
Walvis Bay
4%
Mbini
3%
Nie znaleziono quizów pasujących do podanych kryteriów
Rozkład punktacji
Procent ludzi z każdym wynikiem
Percentyl według liczby udzielonych odpowiedzi
Twoja historia wyników
Nie rozwiązałeś tego quizu